000 01196cab a22002175a 4500
001 L147767
008 090616e20090612xxkd f s 000 0 eng d
035 _a(Sirsi) u147767
041 0 _aeng
100 1 _aSandher, Hardeep
245 0 0 _aAgency 2009
260 _c2009
490 0 _aProperty Week
_v75 (24) 12 June 2009, 45-49 (5)
520 _aPresents Property Week's Agency 2009 league tables. Reports a fall of 15.5% in the collective turnover of Britain's top 57 property agencies in 2008. This is equivalent to £400m. Medium-sized firms fared well. Savills is on the top of the league, followed by CB Richard Ellis and DTZ. NB Real Estate experienced the strongest rise in revenues (+23%) and is at the 14th position. Tables of top property services firms ranked by UK turnover; top property services firms ranked by UK turnover per fee-earner; top European property services firm ranked buy European turnover; and top global property services firm ranked by worldwide turnover.
590 _aKA NTK
650 2 4 _aAGENCY LEAGUE TABLE
651 4 _aUnited Kingdom
_y
690 _aPROPERTY-COMMERCIAL PROPERTY-COMMERCIAL PROPERTY MARKET
700 1 _aShepherd, Mark
942 _n0
999 _c81636
_d81636